| 000 | 00418nam a22001337a 4500 | ||
|---|---|---|---|
| 005 | 20241105143420.0 | ||
| 008 | 241105b |||||||| |||| 00| 0 eng d | ||
| 020 | _a9780754644965 | ||
| 050 |
_aRA 407. _b6.M43 MEA |
||
| 245 |
_aMeasuring health equity in small areas- findings from demographic surveillance systems _cINDEPTH Network |
||
| 260 |
_aEngland _bASHGATE _cc2005 |
||
| 300 |
_axvi,201p; _bill.; |
||
| 942 |
_2lcc _cBK _n0 |
||
| 999 |
_c642 _d642 |
||